Lineární programování

Gespeichert in:
Bibliographische Detailangaben
1. Verfasser: Šmarda, Bohumil
Körperschaft: Univerzita J.E. Purkyně
Format: Buch
Sprache:Tschechisch
Veröffentlicht: Praha Státní pedagogické nakladatelství 1985
Tags: Tag hinzufügen
Keine Tags, Fügen Sie das erste Tag hinzu!

MARC

LEADER 00000nam a2200000 4500
001 c105781
005 20190509131910.7
041 0 |a cze 
044 |a CZ 
245 1 0 |a Lineární programování  |c Bohumil Šmarda 
264 1 |a Praha  |b Státní pedagogické nakladatelství  |c 1985 
300 |a 151 s. 
100 1 |a Šmarda, Bohumil 
710 2 |a Univerzita J.E. Purkyně